| 000 | 00454nam a22001577a 4500 | ||
|---|---|---|---|
| 003 | SISC | ||
| 005 | 20160720095830.0 | ||
| 008 | 160720b xxu||||| |||| 00| 0 eng d | ||
| 020 | _a9789712728174 | ||
| 050 |
_aDS 686.6 _b.J574 2013 |
||
| 100 | _aJoaquin, Nick. | ||
| 245 |
_aReportage on the Marcoses, 1964-1970 / _cQuijano de Manila [i.e. Nick Joaquin]. |
||
| 260 |
_aMandaluyong : _bAnvil, _c2013. |
||
| 300 |
_a233 pages ; _c20 cm. |
||
| 942 |
_2lcc _cBK |
||
| 999 |
_c297763 _d297763 |
||